| 000 | 00621nam a22002057a 4500 | ||
|---|---|---|---|
| 003 | OSt | ||
| 005 | 20140310182932.0 | ||
| 008 | 130131t xxu||||| |||| 00| 0 eng d | ||
| 020 | _a9789719320869 | ||
| 050 |
_aDS 689.S7 _b.Aq657 2009 |
||
| 082 |
_aFIL 320.85409599 _b.Aq657 2009 |
||
| 245 |
_aMy story to tell : a memoir of San Fernando, Pampanga's last municipal mayor and first city mayor _cAquino, Jesus Reynaldo B. |
||
| 260 |
_a[Pampanga] _bBy the author _c2009 |
||
| 300 |
_a286 p. _bill. _c21 cm. |
||
| 521 | _aCollege | ||
| 526 | _c1210L-1700L | ||
| 541 | _j1 | ||
| 562 | _e1 | ||
| 942 |
_2lcc _cBK _kFIL |
||
| 999 |
_c17553 _d17553 |
||